01639cam a22004694i 4500003000900000005001700009008004100026020001500067035002700082040003300109049000900142082001700151100004000168245003300208264005100241300003800292336002100330337002500351338002300376505006700399526001000466526001000476526001000486526001000496526000800506526000800514526000800522526000800530526000800538526000800546526000800554650002300562650003600585910001800621942001400639949012400653994001400777596000600791999015300797980005500950952016401005PE-LiUPU20250731173542.0150616s r 000 0 d a0805415025 a(Sirsi) i9780805415025 aPE-LiUPUbspacPE-LiUPUerda aPRUA04a224bY372211 aYates, Kyle Monroe,d1895-,eautor.10aPreaching from the Prophets. 1aNashville, Tennessee :bBroadman Press,c1942. a225 páginas ;c21 centímetros atext2rdacontent aunmediated2rdamedia avolume2rdacarrier0 aMoses.- Samuel.- Elijah.- Amos.- Hosea.- Isaiah.- Micah.- Etc. aSEG42 aSEG41 aSEG40 aSEG39 aP94 aP87 aP86 aP85 aP77 aP76 aP3504aPROFETAS BIBLICOS.04aPROFETAS EN EL A.T -- ESTUDIO. ajckbjvqcjck 2ddccBOOK a224 Y37wDEWEYc1i42641lCCODEBUL1mBULr0sYtBOOKu2015-6-16xTEOLOGIAzUNKNOWN0COMPRAo.STAFF. Colección General aC0bPEPRU a1 a224 Y37wDEWEYc60486i42641d60486f2021-11-11g5lCCODEBUL1mBULq1r0sYtBOOKu2015-6-16xTEOLOGIAzUNKNOWN0COMPRAo.STAFF. Colección General 81gALBERTO SANCHEZ Responsable de Automatización r2025-12-02 00:00:00i6l1o224 Y37p42641s2024-05-31te1w2015-06-16xPGyBKzinventario-2023-12-13102ddc50708GENfP87aBULbBULcGENd2015-06-16eCOMPRA